Central Library and Information Centre
Sibsagar Girls' College, Sivasagar : Assam

THE WONDER BOOK OF SCIENCE (Record no. 1285)

MARC details
000 -LEADER
fixed length control field 00345cam a2200157ua 4500
008 - FIXED-LENGTH DATA ELEMENTS--GENERAL INFORMATION
fixed length control field 131122n II |||gr||||Z||||||eng
040 ## - CATALOGING SOURCE
Original cataloging agency MAIN
041 ## - LANGUAGE CODE
-- English
082 ## - DEWEY DECIMAL CLASSIFICATION NUMBER
Classification number 500 WAL
100 ## - MAIN ENTRY--PERSONAL NAME
Personal name WALTER.
245 ## - TITLE STATEMENT
Title THE WONDER BOOK OF SCIENCE
300 ## - PHYSICAL DESCRIPTION
Dimensions 20CM.
942 ## - ADDED ENTRY ELEMENTS (KOHA)
Koha item type Books
653 ## - INDEX TERM--UNCONTROLLED
Uncontrolled term Natural sciences & mathematics
Holdings
Withdrawn status Lost status Damaged status Not for loan Collection code Home library Current library Shelving location Date acquired Full call number Barcode Date last seen Copy number Price effective from Koha item type Public note
        General Reference Central Library and Information Centre Sibsagar Girls College Central Library and Information Centre Sibsagar Girls College Encyclopedia 07.04.1968 500 WAL 01489 27.02.2020 1 27.02.2020 Books V


Sibsagar Girl's College © 2020. All rights reserved.
Powered by Koha.
Maintained by Abhijit Borpuzari.